Statistics for General Irish Knowledge

Click here to take the quiz!

General Stats

  • This quiz has been taken 253 times
  • The average score is 10 of 15

Answer Stats

QuestionAnswer% Correct
Name the Irish band of which Bono is the front manU2
90%
What the official emblem of Irelandharp
87%
What was the name of the series set on the fictional island of Craggy IslandFather ted
82%
Name the irish member of one directionNiall Horan
77%
who wrote Ulyssesjames joyce
72%
Name the famous Irish UFC fighterConor McGregor
71%
What county is know as the KingdomKerry
69%
What Irish 'celebrity' was a judge on the Xfactor ukLouis Walsh
66%
What was the name of the alcoholic priest in that seriesFather Jack
63%
What does A.I.B stand forAllied Irish Bank
54%
Name the popular irish soap based in fictional town called carrickstownfair city
54%
Name the Irish actor that stares in in BrugesColin Farrell
53%
Who presents the Late Late ShowRyan Tubridy
47%
what does greannmhar meanfunny
38%
Name the Irish member of the Saturdays, also a judge on the Voice of IrelandUna
38%

Score Distribution

Percentile by Number Answered

Percent of People with Each Score

Your Score History

You have not taken this quiz